Phonétique - Animaux - Statistiques

Statistiques générales
  • Ce quiz a été pris 135 fois
  • Le résultat moyen est 13 sur 15
Statistiques - réponses
Phonétique Animal % Correct
balɛn Baleine
99%
ʁinɔseʁos Rhinocéros
97%
ʒiʁaf Girafe
96%
medyz Méduse
92%
pɛ̃ɡwɛ̃ Pingouin
92%
pɑ̃ Paon
90%
blɛʁo Blaireau
89%
pul Poule
87%
sɑ̃ɡlje Sanglier
85%
ʃamo Chameau
83%
sɛʁpɑ̃ Serpent
83%
ʃa Chat
79%
ɡɔʁij Gorille
79%
ɑ̃ɡij Anguille
71%
lɛ̃ks Lynx
68%
Aucun quiz correspondant
Distribution des résultats
% des personnes avec chaque résultat
Percentile par nombre de réponses
Votre historique - résultats
Vous n’avez pas pris ce quiz